000
00313 a2200145 4500
001
178870
020
_a
040
_c
Magnum
100
_a
Saldanha, Paula
240
1
0
_a
Misterios e assombracoes
_l
por
245
1
0
_a
Misterios e assombracoes
362
0
_a
1899
697
_a
MAGNITO: IJ/CONFLITO
942
_c
BK
999
_c
178870
_d
178870